Maiores Campeões de cada estado - Statistics

Estatísticas Gerais
  • Esse quiz foi jogado 58 vezes
  • A pontuação média é 17 de 27
Estatísticas das Respostas
Estado Times % Correto
São Paulo corinthians
100%
Rio de Janeiro flamengo
98%
Paraná coritiba
98%
Rio Grande do Sul Internacional
98%
Bahia bahia
94%
Minas Gerais atletico mg
94%
Ceará ceara / fortaleza
92%
Goiás goias
90%
Santa Catarina avai
88%
Pará paysandu
80%
Pernambuco sport
78%
Rio Grande do Norte abc
76%
Distrito Federal gama
76%
Alagoas csa
73%
Maranhão sampaio correa
63%
Sergipe sergipe
55%
Paraíba botafogo pb
53%
Mato Grosso do Sul operario ms
47%
Tocantins palmas
45%
Mato Grosso mixto mt
45%
Amapá macapa
29%
Piauí river pi
27%
Roraima bare
22%
Acre rio branco ac
20%
Amazonas nacional am
20%
Espírito Santo rio branco es
18%
Rondônia ferroviario ro
4%
Nenhum quiz correspondente encontrado
Distribuição das Pontuações
Porcentagem de Pessoas com Cada Pontuação
Percentil de Números Respondidos
Sua Pontuação Histórica
Você não jogou esse quiz